000 01267nam a2200385 c 4500
999 _c346779
_d346779
003 BLK
005 20241125135157.0
008 180410b bul|||||r ||||||| ||bul||
010 _aKNG00154011000
020 _a978-619-7354-15-7
040 _aBLK
041 _aBUL
_cBUL
072 7 _2bullib
_aН84
_xБългарска художествена литература Н
072 7 _2bullib
_aК
_xКраезнание
072 7 _2bullib
_aРА
_xРусенски автори
080 _aБългарска литература
_b821.163.2
_x-312.4
_z821.163.2-312.4
100 _aЦанев, Явор Богомилов
_d1971-
_9381955
139 _aЦанев, Явор Богомилов
_bЦ 16
245 1 0 _aСтранноприемницата
_bРазкази
_cЯвор Богомилов Цанев.
250 _a2. доп. изд.
257 _aBGR
260 _bGaiana Book Art Studio
_c2017
300 _a176 с.
_c19 см
380 _aX
653 _aхорър
653 _aразкази
659 _aК
659 _aН
852 _bК
_cК 821.163.2/Ц 16 Я
942 _cKNG
_n0
_s1
_07
999 _d346779
999 _d346779
999 _d346779
944 _k30553
_lИваничка Йорданова